000 00599nam a2200253Ia 4500
005 20260121153851.0
008 008 260114s9999 xx 000 0 eng d
020 _a9781315802077
037 _aEBOOK
040 _aCRL
040 _beng
040 _cCRL
041 _2eng
041 _aeng
084 _qCRL
100 _aM. H. Bornstein
_91000106
245 0 _aSensitive Periods in Development
260 _bTaylor and Francis
260 _c1987
856 _uhttp://www.taylorfrancis.com/books/9781315802077
942 _cEBOOK
999 _c1566927
_d1566927